000 00515nmm a2200169Ia 4500
008 251105s9999||||xx |||||||||||||||||und||
041 _aspa
100 _aVerano Gamboa, Leonardo
245 0 _aPensar el cuerpo
264 _a[Bogotá, Colombia] :
_bUniversidad del Norte,
_c2018
300 _a482 páginas
650 _aPhilosophy, Ethics
700 _aVerano Gamboa, Leonardo
700 1 _a Suárez González, Javier Roberto (comp.)
856 _uhttps://public.digitaliapublishing.com/a/54976
942 _cCF
999 _c72338
_d72338